000 00351nam a2200133Ia 4500
005 20251222140100.0
008 251222s1900||||xx |||||||||||||| ||spa||
082 _a112/D59
100 _aDerisi, Octavio Nicolas
245 0 _aLos Fundamentos Metafísicos del Orden Moral
250 _a4a.ed.
264 _bUniversidad Católica Argentina
942 _cLIB
999 _c3907
_d3907